000
00310 a2200109 4500
001
ART_39451
005
20260410161736.0
008
260409a
245
1
0
_a
Política industrial
100
1
_a
Frediani, Ramón O.
773
0
_t
Ejecutivos de finanzas
_g
- Año 8, Nª 69 (set. 1990)
_w
REV2863
999
_c
18297
_d
18297